000 02008nam a2200229Ia 4500
008 130821s2012 xxua gr eng
020 _a9780804781589
_ccloth : alk. paper
040 _aCo-BoUCM
_bspa
041 0 0 _aeng
245 0 0 _aViolence, Coercion, and State-Making in Twentieth-Century Mexico The Other Half of the Centaur
_ceditado por Wil G. Pansters
260 _aStandford (California, Estados Unidos)
_bStanford University Press
_c2012
300 _axxii, 378 páginas
_bgráficas
504 _aIncluye bibliografía e índice.
505 0 _aZones of state-making : violence, coercion, and hegemony in twentieth-century Mexico / Wil G. Pansters -- States, borders, and violence : lessons from the U.S.-Mexican experience / David A. Shirk -- Policing and regime transition : from postauthoritarianism to populism to neoliberalism / Diane E. Davis -- Who killed Crispi**n Aguilar? : violence and order in the postrevolutionary countryside / Paul Gillingham -- Narco-violence and the State in modern Mexico / Alan Knight -- States of violence : state-crime relations in Mexico / Mo**nica Serrano -- Policing new illegalities : piracy, raids, and madrinas / Jose** Carlos G. Aguiar -- The rise of gangsterism and charrismo : labor violence and the postrevolutionary Mexican state / Marcos Aguila and Jeffrey Bortz -- Political practice, everyday political violence, and electoral processes during the neoliberal period in Mexico / Kathy Powell -- Violence and reconstitution in Mexican indigenous communities / John Gledhill -- New violence, insecurity, and the State : comparative reflections on Latin America and Mexico / Kees Koonings.
650 0 4 _aHistoria de América
_916931
650 0 4 _aViolencia
_xAspectos políticos
_zMéxico
_9422
651 4 _aMéxico
_xHistoria
_ySiglo XX
_961016
651 4 _aMéxico
_xPolítica y gobierno
_ySiglo XX
_971503
700 1 _aPansters, W. G.
_eeditor
_9160643
942 _cLIBRO
_a21
_e1
_mV795
_2DEWEY
_h972.082
999 _c40437
_d40437